Science Quiz

Random Science or Math Quiz

Multiplication Table Quiz Stats

 Plays Quiz Updated Mar 17, 2020

     
Support Sporcle.
Go Orange.
Score 0/78 Timer 05:00
46 Plays Today
% Correct
5
89.8%
7
89.8%
6
89.7%
10
89.5%
10
89.5%
8
89.5%
8
89.4%
3
89.4%
12
89.4%
20
89.3%
4
89.3%
14
89.2%
15
89.2%
11
89.2%
25
89.1%
50
89.1%
6
89.1%
30
89.1%
40
89.1%
9
89%
12
89%
30
89%
20
89%
60
88.9%
9
88.9%
16
88.9%
70
88.8%
2
88.8%
22
88.8%
90
88.7%
80
88.7%
12
88.7%
100
88.7%
1
88.6%
4
88.6%
16
88.6%
45
88.5%
35
88.5%
33
88.4%
% Correct
18
88.4%
55
88.4%
40
88.2%
44
88.2%
18
88%
21
88%
24
88%
66
87.9%
77
87.9%
99
87.7%
88
87.7%
36
87.3%
110
87.1%
24
87%
24
86.9%
27
86.8%
81
86.7%
28
86.6%
36
86.5%
60
86.2%
36
86.1%
120
85.9%
32
85.6%
72
85.4%
49
85.4%
54
85.3%
48
85.2%
42
85%
63
84.9%
64
84.5%
144
84.5%
48
83.8%
121
83.8%
56
83.6%
72
83%
84
82%
108
81.8%
96
81.7%
132
81.1%

From the Vault

Asia and Oceania Letter Pair Blackout

by Peacemaker

Alright. Who turned out the lights this time?
Remove Ads.
Support Sporcle.
Get the best of Sporcle when you Go Orange. This ad-free experience offers more features, more stats, and more fun while also helping to support Sporcle. Thank you for becoming a member.

Show Comments

Extras

Top Quizzes Today


Score Distribution

Your Account Isn't Verified!

In order to create a playlist on Sporcle, you need to verify the email address you used during registration. Go to your Sporcle Settings to finish the process.

Report this User

Report this user for behavior that violates our Community Guidelines.

Details: